El empleo de las personas con discapacidad Oportunidades y desafo̕s /

Detalles Bibliográficos
Autor principal: Rey Přez, Jos ̌Luis
Formato: eBook
Lenguaje:español
Publicado: Madrid: Dykinson, 2018
Materias:
Acceso en línea:Acceso restringido

MARC

LEADER 00000nam a22000007a 4500
005 2018121709399.0
007 cr|||| ||||
008 181217s2018 es |||||s|||| 00||0 spa d
020 |a 978-84-9148-837-8 
035 |a 22364 
040 |a vLex 
090 |c 8340  |d 8340 
100 1 |a Rey Přez, Jos ̌Luis 
245 1 2 |a El empleo de las personas con discapacidad  |h [Recurso electrn̤ico] :  |b Oportunidades y desafo̕s /  |c Jos ̌Luis Rey Přez 
256 |a Servicio en ln̕ea 
260 |a Madrid:  |b Dykinson,  |c 2018 
300 |a 1 recurso electrn̤ico 
500 |a Este volumen pretende abordar todos o casi todos los aspectos del empleo de las personas con discapacidad desde un enfoque multidisciplinar y transversal. Est ̀dividido en cuatro partes: la primera, eminentemente jurd̕ica, se centra en el anl̀isis tanto del empleo ordinario como protegido, as ̕como en determinados colectivos dentro de las personas con discapacidad que pueden encontrarse con una mayor discriminacin̤ a la hora de acceder a un empleo o desarrollar su trabajo. La segunda parte est ̀centrada en el entorno laboral y en el anl̀isis de una serie de conceptos presentes en la Convencin̤ en ocasiones necesarios para que el ejercicio de los derechos laborales se haga en condiciones de igualdad: los apoyos y los ajustes razonables. En tercer lugar, se recogen una serie de casos y de prc̀ticas que pueden servir de inspiracin̤ a la hora de hacer las cosas bien. Por l︢timo, hay una serie de trabajos que miran al futuro, analizando los desafo̕s que tenemos por delante y proponiendo soluciones a los mismos. Como queda mucho por hacer creemos que este volumen tiene interš no solo para las personas con discapacidad que pueden encontrar en ľ recursos o informacin̤ que les puede resultar de utilidad, sino tambiň para el pb︢lico en general que en muchas ocasiones desconoce esta realidad. Y confiamos, como editores, que llegue tambiň a los que tienen responsabilidades polt̕icas y que sirva para cambiar muchas cosas que todava̕ necesitan realizarse. 
506 1 |a Disponible solo en los productos indicados  |d vLex Global  |d vLex Global (Academic Edition, excluding Law Schools)  |d vLex Global (U.S. Academic Edition, Law Schools)  |d vLex Global (U.S. Academic Edition, excluding Law Schools)  |d vLex Global (Academic Edition, Law Schools) 
650 0 4 |a Cd̤igo Civil  |z Espaą 
650 0 4 |a Derecho Laboral y Seguridad Social  |z Espaą 
740 0 |a vLex Libros (Servicio en ln̕ea) 
856 4 0 |u http://vlex.com/source/empleo-de-las-personas-con-discapacidad-oportunidades-y-desafios-22364  |z Acceso restringido 
942 |c BOOK 
999 0 |a Civil Code 
999 0 |a Labor Law and Social Security